000 00454nam a2200181Ia 4500
001 7759
005 20260306160519.0
008 260306t2007||||xx |||||||||||||| ||spa||
041 _aESP
082 _a361.61
_bB38
100 _aBeltrán Barco, Arlette
_eAUT
245 0 _aEvaluación social de proyectos para países en desarrollo
260 _c2007
300 _a204 páginas :
_ccm.
650 _aGEN
654 _aCAN
942 _cLIB
_dJUS
_fJUS
_2ddc
_n
999 _c7759
_d7759